The Kautiliya Arthasastra (Record no. 399118)

000 -LEADER
fixed length control field 00491cam a22001337a 4500
008 - FIXED-LENGTH DATA ELEMENTS--GENERAL INFORMATION
fixed length control field 180718b2000 xxu||||| |||| 00| 0 eng d
082 ## - DEWEY DECIMAL CLASSIFICATION NUMBER
Classification number B2x54/V43mo/64
100 ## - MAIN ENTRY--PERSONAL NAME
Personal name Kangle, R.P.
245 ## - TITLE STATEMENT
Title The Kautiliya Arthasastra
Statement of responsibility, etc. by R.P. Kangle
260 ## - PUBLICATION, DISTRIBUTION, ETC.
Place of publication, distribution, etc. Delhi
Name of publisher, distributor, etc. Motilal Banarsidass
Date of publication, distribution, etc. 2000
300 ## - PHYSICAL DESCRIPTION
Extent v.
500 ## - GENERAL NOTE
General note Contents: v.1. Sanskrit text with a glossary. 343p.; v.2. An English translation with a critical and explanatory notes. 519p. v.3. A study. 302p.
650 ## - SUBJECT ADDED ENTRY--TOPICAL TERM
Topical term or geographic name entry element Political science
Holdings
Withdrawn status Lost status Damaged status Not for loan Permanent Location Current Location Date acquired Full call number Barcode Date last seen Price effective from Koha item type
        Indian Institute of Public Administration Indian Institute of Public Administration 2002-02-25 B2x54/V43mo/64 77255 2018-07-21 2018-07-21 Book
        Indian Institute of Public Administration Indian Institute of Public Administration 2002-02-25 B2x54/V43mo/64 77254 2018-07-21 2018-07-21 Book

Powered by Koha